000 00568nam a2200229Ia 4500
003 OSt
005 20220924132417.0
006 a|||||r|||| 00| 0
007 ta
008 220923b |||||||| |||| 00| 0 san d
024 _a52759
037 _cTextual
040 _aARTS
_cARTS
_bsan
041 _2san
_asan
082 _aP15:A, 15K9.2(TTPS)
100 _aRamgopal
_9100968
245 0 _aVedic Vyakaran
260 _c1969
650 _aLINGUISTICS
942 _hP15:A, 15K9.2(TTPS)
_cTEXL
_2CC
999 _c430205
_d430205